00321nam a2200121Ia 4500008004100000040001600041041001200057082001900069100002700088245003100115260004200146300001100188230917s9999||||xx |||||||||||||| ||und|| e30440aMAIN aEnglish a301.0973 H785D aHorowitz, Irving Louis 0aDecomposition of sociology aOxfordbOxford University Pressc1993 a282 p.